000 00289nam a22001337a 4500
008 170530b xxu||||| |||| 00| 0 eng d
020 _a0070590974
041 _aeng
080 _a94(7/8)
100 _a17
101 _aSHH
245 _aA NEW AGE NOW BEGINS
_cSMITH,P
942 _2udc
_cBK
999 _c15078
_d15078